| 000 | 00566nam a2200169 i 4500 | ||
|---|---|---|---|
| 001 | 79722 | ||
| 003 | ES-MaACL | ||
| 007 | t| | ||
| 008 | 041022s1948 ag ||||1| spa d | ||
| 100 | 1 |
_aHerndon, Richard F. _963121 |
|
| 245 | 1 | 3 |
_aLa hipertensión esencial / _cRichard F. Herndon ; [traducido por Amanda A. Pellegrino y Carlos A. Iraldi]. |
| 260 |
_aBuenos Aires : _bArgonauta, _c1948 ( _fAmericalee) |
||
| 300 |
_a100 p. : _bil. ; _c25 cm. |
||
| 700 | 1 |
_aPellegrino, Amanda A. _990067 |
|
| 700 | 1 |
_aIraldi, Carlos A. _965412 |
|
| 852 |
_aES-MaACL _jE-1630 _bR.28621 |
||
| 999 |
_c79722 _d79722 |
||